000 01065cam a2200325 a 4500
001 000020085
003 DO-SdBPM
005 20260528105915.0
007 ta
008 771220s2000 dr 000 faspa d
020 _a848130199X
040 _aDO-SdBPM
_bspa
_cBPMSU
_erda
082 0 4 _a928.61
_bN454c 2000
_222
100 1 _aNeruda, Pablo,
_d1904-1973
_eautor
_4aut.
_919
245 1 0 _aConfieso que he vivido /
_cPablo Neruda. ; prólogo Diego Jesús Jiménez
264 _aMadrid :
_bMilenium,
_c2000.
300 _a383 páginas ;
_c21 cm.
336 _atexto
_btxt
_2rdacontent
337 _asin mediación
_bn
_2rdamedia
338 _avolumen
_bnc
_2rdacarrier
490 0 _aJoyas del milenio,
_v79
590 _aInventariado, 2026/VM
600 1 7 _aNeruda, Pablo
_d1904-1973
_919
650 7 _aPoetas chilenos
_ySiglo XX
_xBiografías
650 7 _aEscritores chilenos
_ySiglo XX
_xBiografías
700 1 _aJiménez, Diego Jesús
_eprologo
830 4 _aJoyas del milenio;
_v3
910 _aVMateo V. Control de calidad BPMSU
942 _2ddc
_cBK
999 _c7506
_d7506